000 00695nam a22001937a 4500
999 _c168450
_d168450
005 20191009161327.0
010 _aENG-126626
020 _a9789353286927
_c450.00
035 _aEN-110158
037 _bDBAD/PUB
082 _a321.8
100 _aKhan, Farhat Basir
245 _aThe games of votes :
_cby Ratna and Suhasini Vira
_bvisual media politics and elections in the digital era /
260 _aNew Delhi
_bSAGE Publications
_c2019
270 _aB1/1-1, Mohan Cooperative Industrial Area
_bMathura Road, Post Bag 7
_e110044
_mmarketing@sagepub.in
300 _axvii,232p.
_c22cm(pbk)
500 _aIncludes bibliographical references
942 _2ddc
_cEN
_h321.8
_mKHA